[Event "XLIV Capablanca Memorial Open"]
[Site "Havana CUB"]
[Date "2009.06.09"]
[Round "2"]
[White "Gonzalez Vidal,Y"]
[Black "Alonso,J"]
[Result "1-0"]
[WhiteElo "2501"]
[BlackElo "2266"]
[EventDate "2009.06.08"]

1. e4 c5 2. Nf3 d6 3. d4 cxd4 4. Nxd4 Nf6 5. Nc3 a6 6. Be2 e5 7. Nb3 Be6 8.
f4 Qc7 9. g4 exf4 10. Bxf4 Nc6 11. Nc5 Ne5 12. Nxe6 fxe6 13. g5 Nfd7 14.
Bg4 Qc4 15. Bh3 Nc5 16. Qe2 Qxe2+ 17. Kxe2 Ke7 18. Rad1 Ncd7 19. Rd4 Nf7
20. Rhd1 e5 21. Nd5+ Kd8 22. Rb4 exf4 23. Bxd7 Ra7 24. Bg4 Ne5 25. h3 h6
26. g6 f3+ 27. Bxf3 Nxg6 28. Bg4 Ne5 29. Nf4 g6 30. Rbd4 h5 31. Be6 b5 32.
Bb3 Be7 33. Nd5 Bh4 34. Nf4 Be7 35. a4 Kd7 36. Nd5 Nc6 37. R4d3 Rd8 38.
axb5 axb5 39. Nf4 Ne5 40. Rd5 Rf8 41. Ne6 Rf3 42. Rxe5 Rxh3 43. Rxb5 Rxb3
44. Nc5+ Kc6 45. Rxb3 dxc5 46. Rf3 Ra4 47. e5 Re4+ 48. Re3 Rg4 49. e6 Rd4
50. Ra1 Kd6 51. Ra7 1-0

[Event "XLIV Capablanca Memorial Open"]
[Site "Havana CUB"]
[Date "2009.06.09"]
[Round "2"]
[White "Alarcon,Rol"]
[Black "Ortiz Suarez,I"]
[Result "1/2-1/2"]
[WhiteElo "2367"]
[BlackElo "2493"]
[EventDate "2009.06.08"]

1. e4 c5 2. Nf3 e6 3. d4 cxd4 4. Nxd4 Nf6 5. Nc3 d6 6. Be3 a6 7. Qd2 b5 8.
f3 Nbd7 9. g4 h6 10. O-O-O b4 11. Nce2 Qc7 12. h4 d5 13. Rg1 dxe4 14. g5
hxg5 15. hxg5 Nd5 16. g6 N7f6 17. gxf7+ Kxf7 18. fxe4 Nxe4 19. Qd3 Nc5 20.
Qg6+ Kg8 21. Nf5 Nxe3 22. Nxe3 Rh4 23. Qf6 Qe7 24. Rxg7+ Qxg7 25. Qxh4 Be7
26. Qh3 Ra7 27. Qh5 Bg5 28. Kb1 Rd7 29. Qe8+ Qf8 30. Qxf8+ Kxf8 31. Rxd7
Bxd7 32. Nc4 Ne4 33. Bg2 Nd2+ 34. Nxd2 Bxd2 35. c3 bxc3 36. Nxc3 Bxc3 37.
bxc3 Ke7 38. Kb2 Kd6 39. Kb3 Kc5 1/2-1/2

[Event "XLIV Capablanca Memorial Open"]
[Site "Havana CUB"]
[Date "2009.06.09"]
[Round "2"]
[White "Gomez,Fe"]
[Black "Vera Gonzalez Quevedo,R"]
[Result "1/2-1/2"]
[WhiteElo "2359"]
[BlackElo "2475"]
[EventDate "2009.06.08"]

1. d4 Nf6 2. Nf3 d5 3. c4 c6 4. e3 e6 5. Bd3 Nbd7 6. O-O dxc4 7. Bxc4 Bd6
8. Qe2 Qe7 9. e4 e5 10. Ng5 O-O 11. f4 exf4 12. e5 Nd5 13. Qh5 h6 14. Ne4
Bc7 15. Kh1 N7b6 16. b3 Qe6 17. Bxf4 Qg6 18. Qxg6 fxg6 19. Bg3 Rxf1+
1/2-1/2

[Event "XLIV Capablanca Memorial Open"]
[Site "Havana CUB"]
[Date "2009.06.09"]
[Round "2"]
[White "Rasmussen,Kar"]
[Black "Clavijo,J"]
[Result "1-0"]
[WhiteElo "2447"]
[BlackElo "2365"]
[EventDate "2009.06.08"]

1. Nf3 Nf6 2. c4 g6 3. Nc3 Bg7 4. g3 O-O 5. Bg2 d6 6. d4 Nbd7 7. O-O e5 8.
e4 c6 9. h3 exd4 10. Nxd4 Qb6 11. Nde2 Nc5 12. Rb1 Re8 13. Be3 Qc7 14. Qc2
Qe7 15. f3 Nfd7 16. b4 Na6 17. Nd1 Nf8 18. g4 f5 19. exf5 gxf5 20. Ng3 Qf7
21. gxf5 Nc7 22. Bf2 d5 23. Ne3 Rxe3 24. Bxe3 dxc4 25. Rbd1 Nd5 26. Bd4 b5
27. Rfe1 Nxb4 28. Qd2 Nd3 29. Bxg7 Qxg7 30. Re4 Kh8 31. Nh5 Qc7 32. Qg5
Qb6+ 33. Kh2 Qc7+ 34. f4 Bxf5 35. Re7 Ne6 36. Qf6+ 1-0

[Event "XLIV Capablanca Memorial Open"]
[Site "Havana CUB"]
[Date "2009.06.09"]
[Round "2"]
[White "Blanco,H"]
[Black "Mena Crespo,C"]
[Result "1/2-1/2"]
[WhiteElo "2440"]
[BlackElo "2353"]
[EventDate "2009.06.08"]

1. e4 e5 2. Nf3 Nc6 3. Bb5 Nf6 4. O-O Nxe4 5. d4 Nd6 6. Bxc6 dxc6 7. dxe5
Nf5 8. Qxd8+ Kxd8 9. Nc3 Ne7 10. h3 Ng6 11. Bg5+ Ke8 12. Rad1 Bd7 13. Ne4
h6 14. Bc1 Rd8 15. Rfe1 c5 16. c4 Be6 17. b3 Be7 18. Nc3 Rd7 19. Nd5 Bd8
20. Nh2 h5 21. Nf3 h4 22. Be3 b6 23. Nf4 Nxf4 24. Bxf4 Rh5 25. Nd2 Rf5 26.
Bh2 Bg5 27. Nf3 Rxd1 28. Rxd1 Bf4 29. Rf1 Bxh2+ 30. Nxh2 Rf4 31. f3 Rd4 32.
Kf2 a6 33. Ke3 b5 34. cxb5 axb5 35. Rc1 Rd5 36. f4 g5 37. Nf3 gxf4+ 38.
Kxf4 Kd7 39. Kg5 Kc6 40. Kxh4 Kb6 41. Kg5 Rd8 42. Kf6 Rg8 43. Rc2 c4 44.
bxc4 Bxc4 45. h4 Rg6+ 46. Ke7 Rh6 47. g3 Re6+ 48. Kxf7 Bd5 49. Rd2 Rxe5+
50. Kf6 Re6+ 51. Kf5 Rd6 52. Rf2 Rd8 53. Ke5 Kc5 54. Rc2+ Kb4 55. Ng5 c6
56. h5 Rh8 57. Rh2 Rh6 58. g4 Ka3 59. Nh3 Bxa2 60. Nf4 b4 61. g5 Rh8 62. g6
b3 63. Nd3 Bb1 64. Nc5 Kb4 65. Nxb3 Kxb3 66. Kd6 Rc8 67. Kc5 Be4 68. g7 Bh7
69. Rf2 Rb8 70. h6 Rb5+ 71. Kxc6 Rh5 72. Rf6 Kc4 73. Kd6 Kd4 74. Ke6 Ke4
75. Kf7 Ra5 76. Re6+ Kf5 77. Re8 Ra7+ 78. Kf8 Kg6 79. Re6+ Kh5 80. g8=Q
Ra8+ 1/2-1/2

[Event "XLIV Capablanca Memorial Open"]
[Site "Havana CUB"]
[Date "2009.06.09"]
[Round "2"]
[White "Otero,Di"]
[Black "Estrada Nieto,J"]
[Result "1-0"]
[WhiteElo "2431"]
[BlackElo "2344"]
[EventDate "2009.06.08"]

1. d4 d5 2. c4 dxc4 3. Nf3 Nf6 4. Nc3 a6 5. e4 b5 6. e5 Nd5 7. a4 e6 8.
axb5 Nb6 9. Ng5 Bb7 10. Qh5 g6 11. Qg4 Qe7 12. Nge4 N8d7 13. bxa6 Rxa6 14.
Rxa6 Bxa6 15. Be2 Bg7 16. Bg5 Qb4 17. O-O Qxb2 18. Rb1 Qa3 19. Qg3 O-O 20.
Nf6+ Bxf6 21. exf6 Rc8 22. Bh6 Qd6 23. Qh4 Bb7 24. Bg7 Nd5 25. Nxd5 Bxd5
26. Qh6 e5 27. dxe5 Nxe5 28. Rd1 Nd3 29. Bxd3 cxd3 30. Rxd3 Qe6 31. h3 Qd6
32. Rxd5 Qxd5 33. Bf8 1-0

[Event "XLIV Capablanca Memorial Open"]
[Site "Havana CUB"]
[Date "2009.06.09"]
[Round "2"]
[White "Guerra Tulcan,L"]
[Black "Guerra Mendez,J"]
[Result "1/2-1/2"]
[WhiteElo "2343"]
[BlackElo "2420"]
[EventDate "2009.06.08"]

1. e4 e5 2. Nf3 Nc6 3. Bb5 a6 4. Ba4 Nf6 5. Qe2 b5 6. Bb3 Bc5 7. c3 O-O 8.
O-O d5 9. d3 d4 10. Rd1 h6 11. h3 Be6 12. Nbd2 Qe7 13. Bxe6 fxe6 14. Nb3
Nd7 15. cxd4 Nxd4 16. Nbxd4 Bxd4 17. Nxd4 exd4 18. Qg4 Kh7 19. a4 b4 20.
Bd2 c5 21. f4 a5 22. b3 Rac8 23. Rf1 Qf7 24. Rae1 Qg6 25. Qh4 Qf6 26. Qg4
Qg6 27. Qd1 c4 28. dxc4 Nc5 29. Qb1 d3 30. Be3 Nxe4 31. Qxd3 Rfd8 32. Bd4
Ng3 33. Qxg6+ Kxg6 34. Rf3 Rxd4 35. Rxg3+ Kf6 36. Rge3 Rc6 37. g3 Rd2 38.
R1e2 Rxe2 39. Rxe2 Rd6 40. Kf2 g5 41. fxg5+ hxg5 42. Kf3 Rd1 43. Ke4 e5 44.
g4 Ke6 45. Rf2 Re1+ 46. Kd3 Rh1 47. Rf5 Rxh3+ 48. Ke4 Rxb3 49. Rxe5+ Kd6
50. Rxa5 Rg3 51. Rxg5 b3 52. Rd5+ Ke6 53. Kf4 Rc3 54. Rb5 Rxc4+ 55. Kg5
Rxa4 56. Rxb3 Kf7 57. Rb6 Kg7 58. Kh5 Ra7 59. g5 1/2-1/2

[Event "XLIV Capablanca Memorial Open"]
[Site "Havana CUB"]
[Date "2009.06.09"]
[Round "2"]
[White "Marrero Lopez,Yan"]
[Black "Quesada Perez,Y"]
[Result "0-1"]
[WhiteElo "2224"]
[BlackElo "2402"]
[EventDate "2009.06.08"]

1. e4 c5 2. Nf3 d6 3. Bb5+ Nd7 4. d4 cxd4 5. Qxd4 Ngf6 6. O-O e5 7. Qd3 a6
8. Bxd7+ Bxd7 9. Bg5 Bc6 10. Nc3 h6 11. Bxf6 Qxf6 12. a4 Qe6 13. Nd2 Rc8
14. b3 Be7 15. Nc4 O-O 16. Ne3 Bg5 17. Ncd5 Bxe3 18. Nxe3 g6 19. Rad1 Rcd8
20. Nd5 f5 21. c4 Rf7 22. f4 fxe4 23. Qxe4 Rdf8 24. fxe5 Rxf1+ 25. Rxf1
Rxf1+ 26. Kxf1 dxe5 27. Ke2 Kg7 28. Ke3 a5 29. g4 Qd6 30. h4 Qe6 31. Qf3
Qf7 32. Qg3 Qe6 33. Ke4 Kf7 34. Qf3+ Ke8 35. Qg3 Kd7 36. Qf3 Bxd5+ 37. cxd5
Qe7 38. Qd3 Kd6 39. Qf1 Qxh4 40. Qf8+ Qe7 41. Qxh6 Qf7 42. Qd2 Qf1 43. Qxa5
Qe2+ 0-1

[Event "XLIV Capablanca Memorial Open"]
[Site "Havana CUB"]
[Date "2009.06.09"]
[Round "2"]
[White "Gallego Alcaraz,A"]
[Black "Cruz de la Osa,R"]
[Result "1-0"]
[WhiteElo "2373"]
[BlackElo "2228"]
[EventDate "2009.06.08"]

1. e4 c5 2. Nf3 d6 3. d4 cxd4 4. Nxd4 Nf6 5. Nc3 a6 6. Bc4 e6 7. Bb3 Nbd7
8. Bg5 Qa5 9. Bxf6 Nxf6 10. O-O Nd7 11. a3 Be7 12. f4 Qb6 13. Kh1 Nc5 14.
Ba2 Qxb2 15. Rf3 Qb6 16. f5 O-O 17. Rh3 Bf6 18. Qh5 h6 19. Rd1 Bd7 20. fxe6
fxe6 21. Nf5 Bxc3 22. Rxc3 Rxf5 23. exf5 Ne4 24. Rf3 Nf2+ 25. Rxf2 Qxf2 26.
fxe6 Bc6 27. Qf7+ Qxf7 28. exf7+ Kf8 29. Rxd6 Ke7 30. Rd4 Rc8 31. Bb3 Bd7
32. Kg1 h5 33. Rf4 Kf8 34. Kf2 Rc6 35. Ke3 Be6 36. Kd3 g5 37. Rf2 b6 38.
Kd4 Bxb3 39. cxb3 Rc5 40. b4 Rb5 41. Ke4 g4 42. Rf5 Rxf5 43. Kxf5 Kxf7 44.
Kg5 Ke6 45. Kxh5 Kf5 46. g3 1-0

[Event "XLIV Capablanca Memorial Open"]
[Site "Havana CUB"]
[Date "2009.06.09"]
[Round "2"]
[White "Fleitas,W"]
[Black "Garcia Pantoja,R"]
[Result "1/2-1/2"]
[WhiteElo "2067"]
[BlackElo "2369"]
[EventDate "2009.06.08"]

1. e4 e6 2. d4 d5 3. Nc3 Nf6 4. e5 Nfd7 5. f4 c5 6. Nf3 Nc6 7. Be3 a6 8.
Qd2 b5 9. g3 Bb7 10. Ne2 Rc8 11. Bh3 Nb6 12. b3 g6 13. O-O Nd7 1/2-1/2

[Event "XLIV Capablanca Memorial Open"]
[Site "Havana CUB"]
[Date "2009.06.09"]
[Round "2"]
[White "Abreu Delgado,A"]
[Black "Lucena,L"]
[Result "1-0"]
[WhiteElo "2487"]
[BlackElo "2206"]
[EventDate "2009.06.08"]

1. e4 c5 2. Nf3 d6 3. d4 cxd4 4. Nxd4 Nf6 5. Nc3 Nc6 6. h3 e6 7. g4 h6 8.
Bg2 Qc7 9. Be3 a6 10. Qe2 Be7 11. O-O-O Bd7 12. f4 Rc8 13. Rhe1 b5 14. Nb3
O-O 15. h4 h5 16. gxh5 b4 17. Nb1 Na5 18. Nxa5 Qxa5 19. Rd2 Qxa2 20. Bf3
Rc7 21. Rg1 Rfc8 22. Qg2 Bf8 23. Bd4 e5 24. fxe5 Ba4 25. Bd1 Nxh5 26. Qf3
Bxc2 27. Bxc2 Rxc2+ 28. Rxc2 Rxc2+ 29. Kxc2 Qc4+ 30. Bc3 bxc3 31. Nxc3 Qd4
32. Rg5 1-0

[Event "XLIV Capablanca Memorial Open"]
[Site "Havana CUB"]
[Date "2009.06.09"]
[Round "2"]
[White "Perez,Je"]
[Black "Real de Azua,E"]
[Result "1/2-1/2"]
[WhiteElo "2080"]
[BlackElo "2445"]
[EventDate "2009.06.08"]

1. e4 c6 2. d4 d5 3. Nc3 dxe4 4. Nxe4 Bf5 5. Ng3 Bg6 6. h4 h6 7. Nf3 Nf6 8.
h5 Bh7 9. Bd3 Bxd3 10. Qxd3 e6 11. Bf4 Qa5+ 12. Bd2 Bb4 13. c3 Be7 14. c4
Bb4 15. Qb3 Bxd2+ 16. Nxd2 Qc7 17. Qa3 Qe7 18. Qxe7+ Kxe7 19. O-O-O Rd8 20.
Nde4 Nbd7 21. f4 Nxe4 22. Nxe4 Nf6 23. Nxf6 gxf6 24. Rd3 b5 25. b3 bxc4 26.
bxc4 Rab8 27. Rhd1 Rb4 28. Rc3 Ra4 29. Kb2 e5 30. fxe5 fxe5 31. Re1 Rxd4
32. Rxe5+ Kd6 33. Re2 Rb4+ 34. Ka3 Rbxc4 35. Rf3 Ra4+ 36. Kb3 Rdb4+ 37. Kc3
Rg4 38. Rd3+ Kc5 39. Kb2 Rab4+ 40. Ka3 Ra4+ 41. Kb2 Rgb4+ 42. Ka1 Re4 43.
Rf2 Rab4 44. a3 Rb7 45. Rc2+ Rc4 46. Rf2 Re7 47. Rdf3 Rce4 48. Rxf7 1/2-1/2

[Event "XLIV Capablanca Memorial Open"]
[Site "Havana CUB"]
[Date "2009.06.09"]
[Round "2"]
[White "Figueroa,Marc"]
[Black "Margolin,B"]
[Result "0-1"]
[WhiteElo "2195"]
[BlackElo "2436"]
[EventDate "2009.06.08"]

1. e4 e5 2. Nf3 Nc6 3. Bb5 Nge7 4. O-O g6 5. c3 d6 6. d4 Bd7 7. Bg5 Bg7 8.
a4 a6 9. Bc4 O-O 10. Qd2 Bg4 11. Bh6 Bxf3 12. gxf3 exd4 13. Bxg7 Kxg7 14.
cxd4 d5 15. exd5 Nxd5 16. Rd1 Nb6 17. b3 Qf6 18. Qc3 Rad8 19. d5 Ne5 20.
Nd2 c6 21. Ne4 Nxf3+ 22. Kg2 Qxc3 23. Nxc3 Ne5 24. dxc6 Nxc6 25. Be2 Nd4
26. Bf3 Nxf3 27. Kxf3 Nd7 28. b4 Ne5+ 29. Kg2 Rc8 30. Nd5 Rc4 31. f4 Ng4
32. Kg3 Nh6 33. b5 a5 34. Nb6 Nf5+ 35. Kf3 Rc3+ 36. Kf2 Rc2+ 37. Kg1 Nh4
38. Ra3 Re8 0-1

[Event "XLIV Capablanca Memorial Open"]
[Site "Havana CUB"]
[Date "2009.06.09"]
[Round "2"]
[White "Frometa Castillo,Z"]
[Black "Fernandez,Alex"]
[Result "1-0"]
[WhiteElo "2184"]
[BlackElo "2399"]
[EventDate "2009.06.08"]

1. d4 b5 2. Nf3 Bb7 3. Bf4 e6 4. e3 a6 5. Nbd2 Nf6 6. Bd3 c5 7. c3 Nc6 8.
O-O Be7 9. a4 c4 10. Bc2 Rc8 11. axb5 axb5 12. Ne5 Na5 13. e4 d6 14. Ng4
Nd7 15. h3 Nc6 16. d5 exd5 17. exd5 Ncb8 18. Ne4 Nc5 19. Re1 Nxe4 20. Bxe4
Rc7 21. Qd4 O-O 22. Bh6 f6 23. Bf5 gxh6 24. Be6+ Kh8 25. Nxh6 Qe8 26. Ra7
Bd8 27. Re3 Qg6 28. Nf5 Bxd5 29. Rg3 Qxg3 30. Nxg3 Nc6 31. Qxd5 Nxa7 32.
Qxd6 Re8 33. Nf5 Rb7 34. g3 h5 35. Bd5 Rh7 36. Kg2 Rc7 37. Qf4 Nc8 38. Qh6+
Rh7 39. Qg6 Rf8 40. Ne3 Ne7 41. Qe4 Bc7 42. Be6 Rg7 43. h4 Ng6 44. Nf5 Rh7
45. Qc6 Rb8 46. Bxc4 Ba5 47. Bxb5 Rc7 48. Qf3 Rh7 49. Qe2 Nf8 50. f4 Bc7
51. Bd3 Rd7 52. Qxh5+ Nh7 53. Qe2 Rbd8 54. Nd4 Bb6 55. Bxh7 Rxh7 56. Nf5
Rf8 57. b4 Bc7 58. c4 Rd8 59. Qe6 Rf8 60. c5 Bd8 61. b5 Rg8 62. b6 Rf8 63.
Kf3 Rhf7 64. h5 Kh7 65. g4 Kh8 66. Nh4 Kg7 67. Ng6 Rg8 68. f5 Rb7 69. Qd5
Rb8 70. h6+ 1-0

[Event "XLIV Capablanca Memorial Open"]
[Site "Havana CUB"]
[Date "2009.06.09"]
[Round "2"]
[White "Figueredo,L"]
[Black "Arribas Robaina,M"]
[Result "0-1"]
[WhiteElo "2419"]
[BlackElo "2336"]
[EventDate "2009.06.08"]

1. e4 e6 2. d4 d5 3. Nc3 Bb4 4. exd5 exd5 5. Bd3 Nc6 6. a3 Bxc3+ 7. bxc3
Qf6 8. Qh5 Nge7 9. Bg5 Qe6+ 10. Ne2 Qg4 11. Qxg4 Bxg4 12. Ng3 O-O-O 13. O-O
f6 14. Bd2 h5 15. h4 Rdg8 16. f3 Bd7 17. Rfe1 g5 18. hxg5 fxg5 19. c4 g4
20. cxd5 Nxd5 21. c4 gxf3 22. cxd5 Rxg3 23. dxc6 Rxg2+ 24. Kh1 Bxc6 25.
Bf5+ Kb8 26. d5 Bxd5 27. Bc3 f2 28. Rad1 Rhg8 29. Bh3 0-1

[Event "XLIV Capablanca Memorial Open"]
[Site "Havana CUB"]
[Date "2009.06.09"]
[Round "2"]
[White "Guerra Mojena,L"]
[Black "Fernandez Garcia,JoseL1"]
[Result "1/2-1/2"]
[WhiteElo "2252"]
[BlackElo "2457"]
[EventDate "2009.06.08"]

1. e4 e5 2. Nf3 Nc6 3. Bc4 Nf6 4. d3 Be7 5. O-O O-O 6. Re1 d6 7. a4 Be6 8.
c3 Qd7 9. a5 a6 10. Nbd2 Rae8 11. Qb3 Nd8 12. d4 exd4 13. cxd4 d5 14. exd5
Bxd5 15. Ne5 Qe6 16. Bxd5 Nxd5 17. Nd3 Qd7 18. Ne5 Qe6 19. Nd3 Qd7 20. Ne5
1/2-1/2

[Event "XLIV Capablanca Memorial Open"]
[Site "Havana CUB"]
[Date "2009.06.09"]
[Round "2"]
[White "Hernandez Moya,Y"]
[Black "Delgado,H"]
[Result "0-1"]
[WhiteElo "2104"]
[BlackElo "2385"]
[EventDate "2009.06.08"]

1. e4 c5 2. Nf3 g6 3. d4 cxd4 4. Nxd4 Bg7 5. Nc3 Nc6 6. Be3 Nf6 7. f3 O-O
8. Qd2 d5 9. Nxc6 bxc6 10. O-O-O Qc7 11. Bh6 Bxh6 12. Qxh6 dxe4 13. Nxe4
Nxe4 14. fxe4 Be6 15. h4 f6 16. Be2 Qe5 17. g4 Rab8 18. c3 Bxa2 19. Rd4 c5
20. Bc4+ Bxc4 21. Rxc4 Qe6 22. Rxc5 Qa2 0-1

[Event "XLIV Capablanca Memorial Open"]
[Site "Havana CUB"]
[Date "2009.06.09"]
[Round "2"]
[White "Bacallao,Y"]
[Black "Obregon,A"]
[Result "1/2-1/2"]
[WhiteElo "2469"]
[BlackElo "2406"]
[EventDate "2009.06.08"]

1. Nf3 Nf6 2. b3 d5 3. Bb2 Bf5 4. e3 e6 5. Be2 Bd6 6. c4 O-O 7. Nc3 c5 8.
cxd5 Nxd5 9. Nxd5 exd5 10. O-O Qb6 11. Nh4 Be6 12. Bd3 g6 13. f4 Be7 14.
Nf3 f5 15. Ng5 Nd7 16. Rc1 Rac8 17. Qf3 Bxg5 18. fxg5 Qd6 19. Bb5 Ne5 20.
Qf4 Nf7 21. Qh4 a6 22. Be2 d4 23. Rf3 Qd8 24. Qf4 Qxg5 25. exd4 Qxf4 26.
Rxf4 Rfd8 27. Bc4 Bxc4 28. Rxc4 cxd4 29. Rfxd4 b5 1/2-1/2

[Event "XLIV Capablanca Memorial Open"]
[Site "Havana CUB"]
[Date "2009.06.09"]
[Round "2"]
[White "Prasca Sosa,R"]
[Black "Miranda,Y"]
[Result "1-0"]
[WhiteElo "2415"]
[BlackElo "2196"]
[EventDate "2009.06.08"]

1. e4 e5 2. Nf3 Nf6 3. Nxe5 d6 4. Nf3 Nxe4 5. c4 d5 6. Nc3 Be6 7. Nxd5 Bxd5
8. cxd5 Qxd5 9. Qa4+ Nc6 10. Bc4 Qc5 11. O-O Nd6 12. Be2 Be7 13. d4 Qd5 14.
Be3 O-O 15. Nd2 f5 16. Bf3 Qb5 17. Qxb5 Nxb5 18. Bd5+ Kh8 19. Bxc6 bxc6 20.
g3 Bf6 21. Nf3 Rad8 22. Rfd1 g5 23. Nxg5 Bxg5 24. Bxg5 Rxd4 25. a4 Rxd1+
26. Rxd1 Nd6 27. Be7 Rb8 28. Bxd6 cxd6 29. Rxd6 Rb4 30. a5 c5 31. Rc6 c4
32. a6 Kg8 33. Rc7 Kf8 34. Rxa7 Rxb2 35. Rb7 1-0

[Event "XLIV Capablanca Memorial Open"]
[Site "Havana CUB"]
[Date "2009.06.09"]
[Round "2"]
[White "Guerrero,JuC"]
[Black "Leyva Rivera,Y"]
[Result "0-1"]
[WhiteElo "2202"]
[BlackElo "2392"]
[EventDate "2009.06.08"]

1. e4 c5 2. Nf3 d6 3. d4 cxd4 4. Nxd4 Nf6 5. Nc3 Nc6 6. Bg5 e6 7. Qd2 a6 8.
O-O-O Bd7 9. f3 Be7 10. h4 h6 11. Be3 h5 12. Nxc6 Bxc6 13. Ne2 b5 14. Nd4
Bd7 15. Bg5 Qc7 16. Kb1 Rb8 17. Nb3 e5 18. Be2 Be6 19. Bxf6 gxf6 20. f4 b4
21. f5 Bd7 22. Bxa6 Bf8 23. Qe2 Bh6 24. Rd5 Ke7 25. Rhd1 Rb6 26. Bc4 Rg8
27. Na5 Rg4 28. g3 Be8 29. Qd3 Kf8 30. Bb3 Rb8 31. a3 bxa3 32. bxa3 Kg7 33.
Ka2 Qa7 34. Rf1 Ra8 35. Nc4 Bc6 36. Ra5 Bxe4 37. Qxd6 Qd4 38. Qc7 Rxa5 39.
Nxa5 Bd5 40. Rb1 Rxg3 41. Nc4 Rc3 42. Qb6 Rxc2+ 0-1

[Event "XLIV Capablanca Memorial Open"]
[Site "Havana CUB"]
[Date "2009.06.09"]
[Round "2"]
[White "Pecorelli Garcia,H"]
[Black "Ordunez,E"]
[Result "1-0"]
[WhiteElo "2399"]
[BlackElo "2270"]
[EventDate "2009.06.08"]

1. d4 Nf6 2. c4 e6 3. Nf3 b6 4. g3 Ba6 5. b3 Bb4+ 6. Bd2 Be7 7. Nc3 d5 8.
cxd5 exd5 9. b4 O-O 10. b5 Bb7 11. Bg2 c5 12. bxc6 Nxc6 13. O-O Ne4 14. Rc1
Rc8 15. Bh3 f5 16. e3 Ba6 17. Re1 Ba3 18. Rb1 Nxd2 19. Qxd2 Bb4 20. Rec1
Qd6 21. Bf1 Bxf1 22. Kxf1 Na5 23. Qd3 a6 24. Ne2 Nc4 25. Nf4 b5 26. Kg2 Ba3
27. Rc2 Rc7 28. h4 Rcc8 29. h5 Qe7 30. Nxd5 Qf7 31. Nf4 Bd6 32. Rbc1 Bxf4
33. exf4 Qxh5 34. Ne5 Nxe5 35. dxe5 Rxc2 36. Rxc2 Qf7 37. Qd6 a5 38. Rc7
Qe8 39. e6 Qa8+ 40. Kg1 Rd8 41. Rd7 Re8 42. Qe5 1-0

[Event "XLIV Capablanca Memorial Open"]
[Site "Havana CUB"]
[Date "2009.06.09"]
[Round "2"]
[White "Lorenzana,W"]
[Black "Morales,P"]
[Result "1-0"]
[WhiteElo "2215"]
[BlackElo "2410"]
[EventDate "2009.06.08"]

1. e4 c5 2. Nf3 d6 3. d4 cxd4 4. Nxd4 Nf6 5. Nc3 g6 6. Be3 Bg7 7. f3 Nc6 8.
Qd2 O-O 9. O-O-O d5 10. Kb1 Nxd4 11. e5 Nf5 12. exf6 exf6 13. Bc5 d4 14.
Bxf8 Qxf8 15. Nb5 Be6 16. Nc7 Rc8 17. Nxe6 fxe6 18. Qa5 Qd6 19. Bd3 Ne3 20.
Qxa7 b6 21. h4 f5 22. h5 Nxd1 23. Rxd1 Qc6 24. hxg6 hxg6 25. Qa3 Bf6 26.
Qb3 Kg7 27. f4 Rc7 28. a4 Re7 29. g3 e5 30. fxe5 Rxe5 31. Bb5 Qc7 32. Rd3
Re8 33. Ka2 Rc8 34. Rd2 Re8 35. Qd5 Re5 36. Qa8 Qf7+ 37. b3 Qc7 38. Bc4 Kh6
39. Qh1+ Kg7 40. Rh2 Kf8 41. Rh7 Re1 42. Qa8+ Qd8 43. Rh8+ Kg7 44. Rxd8 d3
1-0

[Event "XLIV Capablanca Memorial Open"]
[Site "Havana CUB"]
[Date "2009.06.09"]
[Round "2"]
[White "Aguero,L"]
[Black "Ostos,J"]
[Result "1-0"]
[WhiteElo "2400"]
[BlackElo "2316"]
[EventDate "2009.06.08"]

1. e4 e6 2. d4 d5 3. Nc3 Bb4 4. e5 b6 5. a3 Bxc3+ 6. bxc3 Ne7 7. Nf3 h6 8.
a4 Ba6 9. Bxa6 Nxa6 10. Qd3 Nb8 11. Ba3 Nbc6 12. O-O Na5 13. Nd2 Qd7 14. f4
g6 15. Rfd1 Nf5 16. Bb4 Nc4 17. Nxc4 dxc4 18. Qf3 Qd5 19. Qxd5 exd5 20. a5
Kd7 21. Kf2 h5 22. g3 Kc6 23. Ra2 a6 24. axb6 cxb6 25. Rda1 a5 26. Ba3 Kd7
27. Rb1 Kc6 28. Rab2 Rab8 29. Rb5 Rb7 30. Kf3 Ng7 31. h3 Ne6 32. Bc5 Rhb8
33. Bd6 Ra8 34. Bc5 a4 35. Ba3 Nc7 36. R5b2 b5 37. g4 hxg4+ 38. hxg4 Rh8
39. Kg3 Ne6 40. Rf1 f5 41. exf6 Rbh7 42. Kf3 Rh2 43. Ke3 g5 44. f5 Nf4 45.
Rxf4 gxf4+ 46. Kxf4 R8h7 47. Kg5 Rh1 48. Bf8 Rf7 49. Bb4 Rfh7 50. Ra2 Kd7
51. Bf8 Ke8 52. Bg7 Kf7 53. Rb2 1-0

[Event "XLIV Capablanca Memorial Open"]
[Site "Havana CUB"]
[Date "2009.06.09"]
[Round "2"]
[White "Soto,O"]
[Black "Gutierrez,L"]
[Result "1-0"]
[WhiteElo "2293"]
[BlackElo "1899"]
[EventDate "2009.06.08"]

1. e4 c5 2. Nf3 d6 3. Nc3 a6 4. d4 cxd4 5. Nxd4 Nf6 6. Be3 e6 7. Be2 Be7 8.
O-O O-O 9. a4 Nc6 10. f4 Qc7 11. Bf3 Re8 12. Kh1 Bf8 13. g4 Nxd4 14. Bxd4
e5 15. Be3 exf4 16. Bxf4 Be6 17. g5 Nd7 18. Bg2 Ne5 19. Nd5 Qc6 20. a5 Rac8
21. c3 Qb5 22. Qc2 Qd3 23. Qf2 Qb5 24. Qc2 Qd3 25. Qb3 Bxd5 26. exd5 Rc7
27. Rae1 Rce7 28. Re4 Ng4 29. Rxe7 Rxe7 30. Bxd6 Qe2 31. Bf4 Re4 32. Qb6
Rxf4 33. Rxf4 Ne3 34. Bf1 Nxf1 35. Qf2 Qxf2 36. Rxf2 Ne3 37. Re2 Nxd5 38.
Re8 Ne7 39. Rb8 Nc6 40. Rxb7 Nxa5 41. Ra7 Nc4 42. b4 Nd2 43. Rxa6 Ne4 44.
Rc6 Nxc3 45. Rxc3 Bxb4 46. Rc8+ Bf8 47. Kg2 g6 48. Kf3 Kg7 49. h4 Bb4 50.
Rc4 Bd2 51. Ke2 Ba5 52. Rf4 Bc7 53. Rf3 h6 54. gxh6+ Kxh6 55. Rxf7 Bg3 56.
Kf3 Bxh4 57. Kg4 Be1 58. Rd7 Bc3 59. Rd3 Bb2 60. Rh3+ Kg7 61. Rf3 Bc1 62.
Rf1 Be3 63. Kf3 Bd2 64. Ke4 g5 65. Kf5 Bf4 66. Ra1 Kh6 67. Ra7 Be3 68. Ra6+
Kg7 69. Rg6+ Kf7 70. Rd6 Bf4 71. Rd7+ Kf8 72. Kf6 Ke8 73. Ke6 Kf8 74. Ra7
Be3 75. Rd7 Bf4 76. Kf6 Kg8 77. Rf7 Bd6 78. Rg7+ Kh8 79. Rxg5 Kh7 80. Kf7
1-0

[Event "XLIV Capablanca Memorial Open"]
[Site "Havana CUB"]
[Date "2009.06.09"]
[Round "2"]
[White "Vigoa Apecheche,Yan"]
[Black "Otazo,A"]
[Result "1-0"]
[WhiteElo "2244"]
[BlackElo "1953"]
[EventDate "2009.06.08"]

1. d4 d5 2. c4 c6 3. Nc3 Nf6 4. Nf3 Bf5 5. cxd5 cxd5 6. Qb3 b6 7. Ne5 e6 8.
Qa4+ Nbd7 9. Bg5 h6 10. e4 Bxe4 11. Bxf6 gxf6 12. Nxd7 Ke7 13. Bb5 Qc7 14.
Qa3+ Qd6 15. Qxd6+ Kxd6 16. Nxe4+ dxe4 17. Nxf6 Bg7 18. Nxe4+ Kd5 19. Nc3+
Kxd4 20. Ba6 Kc5 21. Rc1 b5 22. Bb7 Rad8 23. Nd5+ Kd6 24. Nc3 Kc5 25. O-O
Kb6 26. Be4 Rd2 27. b4 Rhd8 28. a4 Bxc3 29. a5+ Ka6 30. Rxc3 f5 31. Bf3
R2d6 32. Rc7 Rb8 33. Rfc1 1-0

[Event "XLIV Capablanca Memorial Open"]
[Site "Havana CUB"]
[Date "2009.06.09"]
[Round "2"]
[White "Valdes,A"]
[Black "Figueroa,J"]
[Result "1-0"]
[WhiteElo "2233"]
[BlackElo "1780"]
[EventDate "2009.06.08"]

1. e4 c5 2. Nf3 e6 3. d4 cxd4 4. Nxd4 a6 5. Bd3 Nc6 6. Nxc6 bxc6 7. O-O d5
8. Nd2 Nf6 9. Re1 Be7 10. e5 Nd7 11. Qg4 O-O 12. Nf3 f5 13. exf6 Nxf6 14.
Qg3 Bd6 15. Qh4 Qe7 16. Bg5 h6 17. Bf4 Bxf4 18. Qxf4 Ne4 19. Qe3 Nc5 20.
Ne5 Qd6 21. Rad1 Nd7 22. Nf3 Nf6 23. Ne5 Nd7 24. Nxd7 Bxd7 25. c4 Qc7 26.
Bb1 Rae8 27. Qd3 Re7 28. Qh7+ Kf7 29. Bg6+ Kf6 30. Rd3 Ref7 31. Rf3+ Ke7
32. Rxf7+ Rxf7 33. Bxf7 Kxf7 34. Re3 1-0

[Event "XLIV Capablanca Memorial Open"]
[Site "Havana CUB"]
[Date "2009.06.09"]
[Round "2"]
[White "Martin Rosabal,N"]
[Black "Cori T.,D"]
[Result "0-1"]
[WhiteElo "1982"]
[BlackElo "2262"]
[EventDate "2009.06.08"]

1. e4 e6 2. d4 d5 3. Nc3 Nf6 4. e5 Nfd7 5. f4 c5 6. Nf3 Nc6 7. Be3 a6 8.
Qd2 b5 9. dxc5 Bxc5 10. Ne2 Qe7 11. Nfd4 Nxd4 12. Nxd4 f6 13. exf6 Nxf6 14.
Nc6 Qd6 15. Ne5 Ne4 16. Qd3 Bxe3 17. Qxe3 Qb4+ 18. c3 Qxb2 19. Rc1 Bb7 20.
Be2 Rc8 21. O-O O-O 22. Bg4 Rfe8 23. Qh3 Rc6 24. Nxc6 Bxc6 25. Bxe6+ Kh8
26. Bf5 Nf6 27. Rce1 d4 28. Rxe8+ Bxe8 29. Re1 Bf7 30. cxd4 Bd5 31. a3 Qd2
32. Re8+ Bg8 33. Rxg8+ Kxg8 34. Be6+ Kf8 35. d5 Qe1+ 0-1